01005nam a2200205 a 450000100100000000500170001000800410002702000150006804000250008310000310010824501780013926001200031730000280043749000360046550400730050171000600057483000430063495201050067799900170078200004103220201002034551.0130913s1986 sp 001 0 spa d a8400062434 aDO-SdBNPbspacBNPHU1 aRiera Melis, Antoni96751513aLa corona de Aragon y el Reino de mallorca en el primer cuarto del siglo catorce :bLas repercucines arancelarias de la autonomía balear (1298-1311) /cAntoni Riera Melis. aMadrid :bConsejo Superior de Invesigaciones Científicas:bUnidad de Investigación de Historia Medieval,c1986. a359 p. :bil. ;c27 cm.1 aAnuarios de Estudiosaanejov14 aIncluye referencias bibliográficas y notas al pie de las páginas2 aConsejo Superior de Invesigaciones Científicas967474 0aAnuarios de Estudiospanejon14967516 001050718MOaGRbGRcCTd2013-09-13iLF1l0o p41032-10r2020-06-25w2020-06-25y1ZNo se presta c40522d40522